000 00290nam a22001337a 4500
008 170328b xxu||||| |||| 00| 0 eng d
020 _a0801654254
041 _aeng
080 _24 ED
_a615.83
100 _a8
101 _aSHM
245 _aENDODONTIC THERAPY
_cWEINE.F.S
942 _2udc
_cBK
999 _c8823
_d8823